000 00665nam a22002057a 4500
005 20251108172801.0
008 250721s2004 xx 000 0 ara d
082 1 4 _a362.11/عقا
100 1 _aالعقايلة، محمود ذياب
245 1 0 _aالسلامة في المستشفيات و المختبرات الطبية /
264 1 _aعمان :
_bدار صفاء،
_c2004.
300 _a208 ص.
650 1 7 _aالمستشفيات
650 1 7 _aالرعايه الصحيه
650 1 7 _aالسلامه
650 1 7 _aاجراءات السلامه
700 1 _aالجبارين، عبد الكريم رشراش
942 _2ddc
_cBK
999 _c88391
_d88391